Statistiques concernant Pays les plus loin de l'Équateur

Cliquez ici pour prendre le quiz!

Statistiques générales

  • Ce quiz a été pris 174 fois
  • Le résultat moyen est 16 sur 20

Statistiques - réponses

Première lettrePays% Correct
FFinlande
99%
NNorvège
96%
EEstonie
95%
DDanemark
94%
iIslande
92%
LLettonie
92%
LLituanie
92%
SSuède
91%
iIrlande
90%
PPologne
88%
BBelgique
82%
BBiélorussie
81%
AAllemagne
75%
PPays-Bas
75%
RRoyaume-Uni
70%
LLuxembourg
63%
SSlovaquie
62%
AAutriche
58%
RRépublique Tchèque
54%
LLiechtenstein
47%

Distribution des résultats

Percentile par nombre de réponses

% des personnes avec chaque résultat

Votre développement - résultats

Vous n’avez pas pris ce quiz